000 00536nam a2200193Ia 4500
003 GCL
008 140319s9999 xx 000 0 ara d
040 _aGCL /
_cGCL
082 0 4 _a150.1
_bع ع
100 1 _aعبدالرحمن عيسوى
245 1 0 _aعلم النفس بين النظرية والتطبيق /
_cعبدالرحمن عيسوى
300 _a350 ص
490 _a
650 0 4 _aعلم النفس
650 0 4 _aالتحليل النفسى
650 0 4 _aالذكاء
650 0 4 _aالادراك
942 _2ddc
_cBK
999 _c38668
_d38668